Higher education at a crossroads

Đã lưu trong:
Chi tiết về thư mục
Tác giả chính: Geisler, Paul R., 1965-
Định dạng: Điện tử eBook
Ngôn ngữ:Tiếng Anh
Được phát hành: New York : Peter Lang, c2006.
Những chủ đề:
Truy cập trực tuyến:Available in Education Source.
Các nhãn: Thêm thẻ
Không có thẻ, Là người đầu tiên thẻ bản ghi này!

MARC

LEADER 00000cam a22000002a 4500
001 ebs52875151e
003 EBZ
006 m d ||||||
007 cr|unu||||||||
008 050414s2006 nyu ob 001 0 eng
020 0 |z 9780820479149 
035 |a (EBZ)ebs52875151e 
040 |a DLC   |d EBZ 
042 |a pcc 
050 0 0 |a LB2361.5  |b .G45 2006 
100 1 |a Geisler, Paul R.,  |d 1965- 
240 1 0 |a Higher education at a crossroads (Online) 
245 1 0 |a Higher education at a crossroads  |h [electronic resource] /  |c Paul R. Geisler. 
260 |a New York :  |b Peter Lang,  |c c2006. 
504 |a Includes bibliographical references (p. [237]-244) and index. 
650 0 |a Universities and colleges  |x Curricula  |z United States. 
650 0 |a Education, Higher  |z United States. 
650 0 |a Postmodernism and education  |z United States. 
773 0 |t Education Source   |d EBSCO 
776 1 |t Higher education at a crossroads /  |w (OCoLC)ocm59148550  |w (DLC)2005010675 
856 4 0 |3 Full text available: Jan 2006.  |z Available in Education Source.  |u https://researchs.unach.elogim.com/direct.asp?db=eue&jid=4W33&scope=site 
901 |a Book